<The> ECB's policy <the> view from the market

Saved in:
Bibliographic Details
Main Author: Mayer, Thomas
Format: Book
Language:English
Published: San Domenico (FI) European University Institute 1999
Series:EUI Working paper RSC No. 99/27
Subjects:
Tags: Add Tag
No Tags, Be the first to tag this record!

MARC

LEADER 00000nam a2200000 4500
001 c132336
005 20221108122727.4
041 0 |a eng 
044 |a IT 
245 1 0 |a <The> ECB's policy  |b <the> view from the market  |c Thomas Mayer 
264 1 |a San Domenico (FI)  |b European University Institute  |c 1999 
300 |a 15 s. 
490 1 |a EUI Working paper RSC  |v No. 99/27 
830 0 |a EUI Working paper RSC  |v No. 99/27 
610 2 0 |a politika peňažná 
610 2 0 |a trh finančný 
610 2 0 |a banky centrálne 
610 2 0 |a únie menové 
100 1 |a Mayer, Thomas